Statistics for City by picture 4 (Italy)

Click here to take the quiz!

General Stats

  • This quiz has been taken 87 times
  • The average score is 4 of 6

Answer Stats

Answer% Correct
Rome
100%
Venice
95%
Pisa
90%
Pompeii
43%
Trieste
37%
Bari
30%

Score Distribution

Percentile by Number Answered

Percent of People with Each Score

Your Score History

You have not taken this quiz